000
00271nam a2200109Ia 4500
008
190911s9999||||xx |||||||||||||| ||und||
100
_a
Shepp, Ballesteros
245
0
_a
Object Perception,Structure & Process
260
_a
New York
_b
CRC
_c
1989
300
_a
431
942
_c
BK
999
_c
6740
_d
6740